000 00609nam a2200205Ia 4500
005 20250923145357.0
008 008 250917s9999 xx 000 0 eng d
037 _aTextual
040 _aDSWL
_beng
_cDSWL
041 _aeng
_2eng
084 _aYX;5-7.271'N5, N77
_qDSWL
100 _aRath, S.N.
_9834657
245 0 _aDevelopment of the welfare state in Orissa 1950-60
_c by S.N. Rath
260 _aNew Delhi
_b S. Chand & Co. Ltd.
_c1977
300 _axii,315 p.
365 _aINR
_b40 . 0
925 _g40 . 0
942 _cTEXL
_hYX;5-7.271'N5, N77
999 _c1450641
_d1450641